LEADER 01341nam a2200277 4500 001 000000345585 003 CaOOAMICUS 005 20210427151302.0 008 210427s2015 it 000 u ita r 020 $a978-88-514-1634-8 040 $aSeMil$bita 110 0 $aCentro diocesano vocazioni .$0(OLS)http://semarc/name/113689 245 10$aCon gioia e coraggio :$bdonne consacrate oggi: spunti per ascoltare, riflettere, rinnovare /$cCentro diocesano vocazioni ; [prefazione di Pierantonio Tremolada, vescovo ausiliare di Milano]. 264 1$aMilano :$bÀncora,$c2015. 300 $a32 p. ;$c17 cm 490 1 $aDocumenti ecclesiali 650 4$aDonne - Chiesa.$0(OLS)http://semarc/subject/18547 700 1 $aTremolada, Pierantonio,$c.$0(OLS)http://semarc/name/26960 830 0$aDocumenti ecclesiali.$0(OLS)http://semarc/title/39136 850 $aSeMil 852 $aSeMil$W1$xVenegono$y1$m5B III 57/10$j226134$B236647$CSeMilBibl$Z2$F236647 $81 961 $aFumagalli don Aristide - Omaggio 996 $6020$a978-88-514-1634-8$9(OLS)http://semarc/number/293000 996 $6245$aCon gioia e coraggio :$bdonne consacrate oggi: spunti per ascoltare, riflettere, rinnovare$9(OLS)http://semarc/title/434722 996 $6264$aMilano :$bÀncora$9(OLS)http://semarc/publisher/29763 LEADER 01774nam a2200313 i 4500 001 000000352617 003 CaOOAMICUS 005 20230109141826.0 008 230109s2022 it m u000 u spa u 020 $a978-88-7839-482-7 040 $aSeMil$bita 100 1 $aCastillo Elizondo, Jorge Armando,$d<1978- >.$0(OLS)http://semarc/name/116954 245 10$aAlegrarse, un itinerario hacia el Dios de la paz :$bestudio exegético-teológico de 1Tes 5,12-24 y Flp 4,2-9 /$cJorge Armando Castillo Elizondo. 264 1$aRoma :$bGBP, Gregorian & Biblical Press,$c2022. 300 $a377 p. ;$c24 cm. 490 1 $aTesi Gregoriana. Serie Teologia ;$v249 504 $aBibliografía, p. [347]-365 650 4$aBibbia - Gioia.$0(OLS)http://semarc/subject/6089 650 4$aBibbia. Nuovo Testamento. Lettera ai Filippesi - Commentari, studi, critica, interpretazioni.$0(OLS)http://semarc/subject/6018 650 04$aBibbia - NT - Lettere ai Tessalonicesi - Commentari, studi, critica, interpretazioni.$0(OLS)http://semarc/subject/16269 650 4$aBibbia - NT - Lettere ai Tessalonicesi, 5,12-24.$0(OLS)http://semarc/subject/53259 650 4$aBibbia - NT - Epistola ai Filippesi, 4,2-9.$0(OLS)http://semarc/subject/53260 830 0$aTesi Gregoriana. Serie Teologia ;$v249.$0(OLS)http://semarc/title/351 850 $aSeMil 852 $aSeMil$W1$xVenegono$y1$m2HA C 249$j236220$B243841$CSeMilBibl$Z2$F243841 $81 996 $6020$a978-88-7839-482-7$9(OLS)http://semarc/number/297399 996 $6245$aAlegrarse, un itinerario hacia el Dios de la paz :$bestudio exegético-teológico de 1Tes 5,12-24 y Flp 4,2-9$9(OLS)http://semarc/title/442504 996 $6264$aRoma :$bGBP, Gregorian & Biblical Press$9(OLS)http://semarc/publisher/33573